走过心情的温度 (Record no. 53850)

000 -LEADER
fixed length control field 00448nam a22001817a 4500
003 - CONTROL NUMBER IDENTIFIER
control field MPLRDC
005 - DATE AND TIME OF LATEST TRANSACTION
control field 20220104154204.0
008 - FIXED-LENGTH DATA ELEMENTS--GENERAL INFORMATION
fixed length control field 210129b ||||| |||| 00| 0 eng d
020 ## - INTERNATIONAL STANDARD BOOK NUMBER
International Standard Book Number 967-5263-01-9
082 ## - DEWEY DECIMAL CLASSIFICATION NUMBER
Classification number 868.71 SQX
100 ## - MAIN ENTRY--PERSONAL NAME
Personal name 沈秋香
245 ## - TITLE STATEMENT
Title 走过心情的温度
Statement of responsibility, etc.
250 ## - EDITION STATEMENT
Edition statement 第一版
260 ## - PUBLICATION, DISTRIBUTION, ETC.
Place of publication, distribution, etc. 马来西亚
Name of publisher, distributor, etc. 人人书楼有限公司
Date of publication, distribution, etc. 2009
300 ## - PHYSICAL DESCRIPTION
Other physical details 151
650 ## - SUBJECT ADDED ENTRY--TOPICAL TERM
Topical term or geographic name entry element 马华文学
942 ## - ADDED ENTRY ELEMENTS (KOHA)
Koha item type Book
-- 868.71 SQX
Holdings
Withdrawn status Lost status Source of classification or shelving scheme Damaged status Not for loan Collection code Home library Current library Shelving location Date acquired Cost, normal purchase price Total Checkouts Full call number Barcode Date last seen Date last checked out Price effective from Koha item type Public note
            Malaysian Public Library, Research and Development Centre Malaysian Public Library, Research and Development Centre   10/12/2007 25.00   868.71 SQX 00054032 18/03/2021 09/06/2016 18/03/2021 Book mplrdc

© 2022. Malaysian Public Library, Research and Development Centre. All Right ReservedE-mailmplrdc@help.edu.my 

Powered by Koha